| 000 | 00421nam a2200169Ia 4500 | ||
|---|---|---|---|
| 008 | 230524s9999 xx 000 0 und d | ||
| 020 | _a9780071070522 | ||
| 082 |
_a621.31042 _bCHA |
||
| 100 | _aStephen J. Chapman | ||
| 245 | 0 | _a"Electric Machinery Fundamentals ," | |
| 250 | _a4TH | ||
| 260 |
_aNEW DELHI _bTMH _c2010 |
||
| 300 | _aXXII;746 | ||
| 500 | _aQuantity Number: 30 | ||
| 650 | _aElectrical | ||
| 942 | _cBK | ||
| 999 |
_c48037 _d48037 |
||